000 00586nam a2200193 a 4500
005 20220818063542.0
008 140521s2006 cl r 000 0 spa d
020 _a958301964X
035 _aUPN01000197427
049 _aI
050 4 _aPZ73
_bR4.5
100 1 _aRestrepo Gómez, Alonso,
_d1946-
_933649
245 1 0 _aHistoria de un río :
_bcontada por una gota de agua /
_cAlonso Restrepo Gómez.
260 _aBogotá :
_bPanamericana,
_c2006.
300 _a40 p. :
_bil. col.
440 0 _aOsito de anteojos
650 0 _aCuentos infantiles colombianos
_94407
905 _aInfantil
999 _c169528
_d169528